Statistiques concernant Sultans de l'Empire Ottoman

Cliquez ici pour prendre le quiz!

Statistiques générales

  • Ce quiz a été pris 70 fois
  • Le résultat moyen est 16 sur 39

Statistiques - réponses

RègneSultans% Correct
1299 - 1326Osman I
85%
1618 - 1622Osman II
85%
1754 - 1757Osman III
85%
1451 - 1481Mehmed II
60%
1444 - 1446Mehmed II
60%
1595 - 1603Mehmed III
60%
1648 - 1687Mehmed IV
60%
1909 - 1918Mehmed V
60%
1918 - 1922Mehmed VI
60%
1326 - 1362Orhan
60%
1413 - 1421Mehmed I
57%
1520 - 1566Soliman I
57%
1687 - 1691Soliman II
57%
1512 - 1520Sélim I
55%
1566 - 1574Sélim II
55%
1789 - 1807Sélim III
55%
1774 - 1789Abdülhamid I
53%
1876 - 1909Abdülhamid II
53%
1362 - 1389Murat I
36%
1446 - 1451Mourad II
30%
1421 - 1444Mourad II
30%
1574 - 1595Mourad III
30%
1623 - 1640Mourad IV
30%
1876Mourad V
30%
1839 - 1861Abdülmecid I
23%
1617 - 1618Moustapha I
21%
1622 - 1623Moustapha I
21%
1695 - 1703Moustapha II
21%
1757 - 1774Moustapha III
21%
1807 - 1808Moustapha IV
21%
1861 - 1876Abdülaziz
19%
1389 - 1402Bajazet I
19%
1481 - 1512Bajazet II
19%
1640 - 1648Ibrahim I
17%
1808 - 1839
Mahmoud II
15%
1730 - 1754Mahmoud I
15%
1603 - 1617Ahmad I
9%
1691 - 1695Ahmad II
9%
1703 - 1730Ahmad III
9%

Distribution des résultats

Percentile par nombre de réponses

% des personnes avec chaque résultat

Votre développement - résultats

Vous n’avez pas pris ce quiz